00994nam a22002777a 45000010005000000030006000050050017000110080041000280200018000690400029000870500017001160820012001331000025001452450031001702600037002013000024002385050007002625200196002695210018004655210018004836500031005016500020005329420015005529990015005679520134005828806FISKH20251021142703.0251021b cb ||||| |||| 00| 0 eng d a9780439468503 aFISKHbengcFISKHdFISKH aPZ7.R25465 W a823.914 aRees, Celia eAuthor aWitch child / cCelia Rees aNew York : bScholastic , c2001 a260 pages :c20 cm  aP  aIn 1659, fourteen-year-old Mary Newbury keeps a journal of her voyage from England to the New World and her experiences living as a witch in a community of Puritans near Salem, Massachusetts.8 a760 bLexile 8 aP bRaz-Plus  aHistorical fiction vMagic aDiary vFantasy 2ddccBKn0 c8806d8806 00102ddc4070a002b002cTTP Oranged2025-10-21l0oREE 823.914 PZ7.R25465 Wp2025-4689r2025-10-21 14:27:00t1w2025-10-21yBK